[Event "DVM U12 2014"]
[Site "Verden/Aller GER"]
[Date "2014.12.30"]
[Round "7"]
[White "Limpert, Tillmann"]
[Black "Buschmann, Julius"]
[Result "0-1"]
[Termination "normal"]
[Board "5.4"]
[WhiteElo "1070"]
[BlackElo "1428"]
[WhiteTeam "Biebertaler Schachfreunde"]
[BlackTeam "SG Turm Leipzig"]
[PlyCount "50"]
[WhiteFideId "16213254"]
[BlackFideId "16255895"]
[EventCountry "GER"]
[EventRounds "7"]
[EventType "team-swiss"]
[EventDate "2014.12.26"]

1. e4 e5 2. Nf3 Nc6 3. Bc4 Bc5 4. c3 d6 5. d4 exd4 6. cxd4 Bb4+ 7. Kf1 Nf6 8.
d5 Bc5 9. dxc6 bxc6 10. Nc3 O-O 11. Qb3 Qe7 12. e5 dxe5 13. Bg5 h6 14. Bxf6
gxf6 15. Re1 Bd7 16. Ne4 Rab8 17. Qd3 Bf5 18. Nh4 Bh7 19. Qf3 Bxe4 20. Qxe4
Rxb2 21. Bd3 Rxf2+ 22. Kg1 Rf3+ 23. Qe3 Bxe3+ 24. Rxe3 Rxe3 25. Nf5 Qc5 0-1

[Event "DVM U12 2014"]
[Site "Verden/Aller GER"]
[Date "2014.12.30"]
[Round "7"]
[White "Kopylov, Daniel"]
[Black "Reitz, Theresa"]
[Result "1-0"]
[Termination "normal"]
[Board "6.1"]
[WhiteElo "1813"]
[BlackElo "1485"]
[WhiteTeam "TuRa Harksheide"]
[BlackTeam "VfR-SC Koblenz"]
[PlyCount "139"]
[WhiteFideId "12921971"]
[BlackFideId "12971901"]
[EventCountry "GER"]
[EventRounds "7"]
[EventType "team-swiss"]
[EventDate "2014.12.26"]

1. e4 c5 2. Nf3 e6 3. d4 cxd4 4. Nxd4 a6 5. c4 Qc7 6. Bd3 g6 7. Nc3 Bg7 8. Be3
Ne7 9. O-O Nbc6 10. Be2 O-O 11. f4 d6 12. Kh1 Bd7 13. Rc1 Rac8 14. Qd2 Rfd8 15.
f5 exf5 16. exf5 Nxf5 17. Nxf5 Bxf5 18. Nd5 Qb8 19. Rxf5 gxf5 20. Bh6 f6 21.
Qe3 Rd7 22. Qe6+ Rf7 23. Bh5 Rcf8 24. Bxf7+ Rxf7 25. Bxg7 Kxg7 26. Ne3 Ne7 27.
Rd1 Qc7 28. Qxd6 Qa5 29. Qg3+ Ng6 30. Rd5 f4 31. Nf5+ Kh8 32. Rxa5 fxg3 33.
Nxg3 Rd7 34. Rd5 Rxd5 35. cxd5 Kg8 36. Ne4 f5 37. Nc5 Kf7 38. Nxb7 Ke7 39. Nc5
Kd6 40. Nxa6 Kxd5 41. b4 Ne7 42. a4 Nc8 43. Kg1 Kc4 44. b5 Nb6 45. a5 Kxb5 46.
axb6 Kxa6 47. Kf2 Kxb6 48. Kf3 Kc6 49. Kf4 Kd6 50. Kxf5 Ke7 51. Kg5 Kf7 52. Kh6
Kg8 53. Kg5 Kg7 54. Kf5 Kf7 55. Ke5 Kg7 56. Ke6 Kg6 57. Ke7 Kg7 58. h3 Kg6 59.
Kf8 Kf6 60. Kg8 Kg6 61. g3 h6 62. Kh8 h5 63. Kg8 h4 64. g4 Kg5 65. Kg7 Kf4 66.
Kf6 Kg3 67. g5 Kxh3 68. g6 Kg3 69. g7 Kh3 70. g8=Q 1-0

[Event "DVM U12 2014"]
[Site "Verden/Aller GER"]
[Date "2014.12.30"]
[Round "7"]
[White "Mailitis, Ricardo"]
[Black "Oganessjan, Artur"]
[Result "0-1"]
[Termination "normal"]
[Board "6.2"]
[WhiteElo "1473"]
[BlackElo "1786"]
[WhiteTeam "VfR-SC Koblenz"]
[BlackTeam "TuRa Harksheide"]
[PlyCount "74"]
[WhiteFideId "12977535"]
[BlackFideId "12986062"]
[EventCountry "GER"]
[EventRounds "7"]
[EventType "team-swiss"]
[EventDate "2014.12.26"]

1. e4 c5 2. Nf3 e6 3. c4 Nc6 4. d4 cxd4 5. Nxd4 Nf6 6. Nc3 Bb4 7. Nxc6 bxc6 8.
Bd3 Qc7 9. Be3 O-O 10. O-O Bxc3 11. bxc3 d5 12. cxd5 cxd5 13. Bd4 e5 14. Be3
dxe4 15. Be2 Be6 16. Qc2 Rac8 17. Rfc1 Qa5 18. c4 h6 19. Rab1 Nd5 20. Bd2 Qc7
21. Qxe4 Nf6 22. Qc2 Rfd8 23. Rb5 Qd7 24. Ba5 Qxb5 25. cxb5 Rxc2 26. Rxc2 Rd5
27. Rc7 Bd7 28. b6 axb6 29. Bxb6 Rd2 30. Bc4 Rd1+ 31. Bf1 Bb5 32. h3 Rxf1+ 33.
Kh2 e4 34. Ra7 Nd5 35. Bc5 Rc1 36. Bd4 Rc4 37. Be5 Nb6 {nicht korrekt} 0-1

[Event "DVM U12 2014"]
[Site "Verden/Aller GER"]
[Date "2014.12.30"]
[Round "7"]
[White "Höfs, Cederik"]
[Black "Riedel, Thomas"]
[Result "1-0"]
[Termination "normal"]
[Board "6.3"]
[WhiteElo "1163"]
[BlackElo "1199"]
[WhiteTeam "TuRa Harksheide"]
[BlackTeam "VfR-SC Koblenz"]
[PlyCount "53"]
[WhiteFideId "16207653"]
[BlackFideId "12988278"]
[EventCountry "GER"]
[EventRounds "7"]
[EventType "team-swiss"]
[EventDate "2014.12.26"]

1. e4 e5 2. Nf3 Nc6 3. d4 exd4 4. Nxd4 Bc5 5. Be3 Nf6 6. Nxc6 bxc6 7. Bxc5 d6
8. Be3 Nxe4 9. Qd4 Nf6 10. Bg5 Qe7+ 11. Be2 Ba6 12. Nc3 O-O 13. Bxf6 gxf6 14.
Qg4+ Kh8 15. O-O Rg8 16. Qf3 Bb7 17. Rfe1 Rae8 18. Kf1 Qd7 19. Qxf6+ Rg7 20.
Bf3 Ba6+ 21. Kg1 Rb8 22. b3 Rf8 23. Qe7 Qc8 24. Bxc6 Qh3 25. Qxf8+ Rg8 26. Qxf7
Qxc3 27. Bd5 1-0

[Event "DVM U12 2014"]
[Site "Verden/Aller GER"]
[Date "2014.12.30"]
[Round "7"]
[White "Lichtmannecker, Daniel"]
[Black "Kittelberger, Mattis"]
[Result "1-0"]
[Termination "normal"]
[Board "7.1"]
[WhiteElo "1518"]
[BlackElo "1564"]
[WhiteTeam "FC Ergolding"]
[BlackTeam "SC Aurich"]
[PlyCount "81"]
[WhiteFideId "12979414"]
[BlackFideId "12965103"]
[EventCountry "GER"]
[EventRounds "7"]
[EventType "team-swiss"]
[EventDate "2014.12.26"]

1. d4 d5 2. Nf3 Nf6 3. e3 Bg4 4. Bd3 Bxf3 5. Qxf3 Nbd7 6. Nd2 e5 7. dxe5 Nxe5
8. Qe2 Bd6 9. b3 O-O 10. Bb2 c6 11. Nf3 Nxd3+ 12. Qxd3 Qa5+ 13. Qd2 Qxd2+ 14.
Nxd2 Be7 15. O-O Rfe8 16. Rfd1 Rad8 17. Nf1 Nd7 18. Ng3 Bf6 19. Bd4 c5 20. Bxf6
Nxf6 21. Rd2 Ne4 22. Nxe4 Rxe4 23. Rad1 c4 24. b4 d4 25. Rxd4 Rexd4 26. Rxd4
Rxd4 27. exd4 b5 28. Kf1 Kf8 29. Ke2 Ke7 30. Ke3 f5 31. c3 Ke6 32. Kf4 h6 33.
h4 g6 34. f3 a5 35. a3 axb4 36. axb4 Kf6 37. g4 g5+ 38. hxg5+ hxg5+ 39. Ke3 f4+
40. Ke4 Ke6 41. d5+ 1-0

[Event "DVM U12 2014"]
[Site "Verden/Aller GER"]
[Date "2014.12.30"]
[Round "7"]
[White "Rajendram, Reanosh"]
[Black "Astner, Sebastian"]
[Result "1-0"]
[Termination "normal"]
[Board "7.2"]
[WhiteElo "1249"]
[BlackElo "1437"]
[WhiteTeam "SC Aurich"]
[BlackTeam "FC Ergolding"]
[PlyCount "47"]
[WhiteFideId "12965162"]
[BlackFideId "12979422"]
[EventCountry "GER"]
[EventRounds "7"]
[EventType "team-swiss"]
[EventDate "2014.12.26"]

1. e4 c5 2. Nf3 d6 3. d4 cxd4 4. Nxd4 Nf6 5. Nc3 g6 6. Be3 Bg7 7. f3 O-O 8. Qd2
Nc6 9. Bc4 Bd7 10. Bb3 Rc8 11. O-O-O Na5 12. Kb1 Nxb3 13. cxb3 a6 14. Bh6 Qb6
15. h4 Rfe8 16. h5 Rc5 17. hxg6 fxg6 18. Bxg7 Kxg7 19. Qh6+ Kf7 20. g4 Rh8 21.
g5 Ng8 22. Nd5 Qd8 23. Rh4 e5 24. Ne2 {nicht korrekt} 0-1

[Event "DVM U12 2014"]
[Site "Verden/Aller GER"]
[Date "2014.12.30"]
[Round "7"]
[White "Kühne, Maria"]
[Black "Abele, Anais"]
[Result "1-0"]
[Termination "normal"]
[Board "7.3"]
[WhiteElo "1204"]
[BlackElo "1105"]
[WhiteTeam "FC Ergolding"]
[BlackTeam "SC Aurich"]
[PlyCount "117"]
[WhiteFideId "12997412"]
[BlackFideId "16208927"]
[EventCountry "GER"]
[EventRounds "7"]
[EventType "team-swiss"]
[EventDate "2014.12.26"]

1. f4 e6 2. Nf3 Nf6 3. Nc3 Be7 4. e3 O-O 5. Be2 Nc6 6. O-O b6 7. b3 Bb7 8. Bb2
Re8 9. Qe1 Bf8 10. a3 g6 11. Qh4 Bg7 12. Bd3 Nh5 13. Qxd8 Raxd8 14. g4 Nf6 15.
h3 d5 16. Ne2 Nd7 17. Bxg7 Kxg7 18. Ng3 Nc5 19. Bb5 a6 20. Bxc6 Bxc6 21. Nd4
Bb7 22. b4 Nd7 23. Rf2 e5 24. fxe5 Nxe5 25. Nb3 Nc6 26. Ne2 Ne7 27. Raf1 f5 28.
gxf5 Nxf5 29. Nbd4 Nxd4 30. Nxd4 Rd7 31. Rg2 c5 32. bxc5 bxc5 33. Nf5+ Kh8 34.
Nh4 d4 35. Re2 dxe3 36. dxe3 a5 37. Ng2 Ba6 38. Rfe1 Bxe2 39. Rxe2 g5 40. Kf1
h5 41. Ke1 g4 42. hxg4 hxg4 43. Nf4 Rg7 44. Kf2 g3+ 45. Kf3 Reg8 46. Rg2 Kh7
47. Rg1 Kh6 48. Rh1+ Kg5 49. Ne6+ Kf5 50. Nxg7+ Rxg7 51. Rh5+ Ke6 52. Kg2 Kd6
53. Rh3 Kd5 54. Rxg3 Rxg3+ 55. Kxg3 Ke4 56. Kf2 c4 57. Ke2 c3 58. a4 Kd5 59.
Kd3 1-0

[Event "DVM U12 2014"]
[Site "Verden/Aller GER"]
[Date "2014.12.30"]
[Round "7"]
[White "Ufkes, Enno"]
[Black "Ottmair, Clemens"]
[Result "0-1"]
[Termination "normal"]
[Board "7.4"]
[WhiteElo "968"]
[BlackElo "1105"]
[WhiteTeam "SC Aurich"]
[BlackTeam "FC Ergolding"]
[PlyCount "119"]
[WhiteFideId "12974994"]
[EventCountry "GER"]
[EventRounds "7"]
[EventType "team-swiss"]
[EventDate "2014.12.26"]

1. e4 e5 2. Nf3 Nc6 3. d4 exd4 4. Nxd4 Bc5 5. Nb3 Bb6 6. Nc3 Nge7 7. Qe2 O-O 8.
Be3 d6 9. O-O-O Be6 10. Nd4 Nxd4 11. Bxd4 Bxd4 12. Rxd4 Nc6 13. Rd2 Qf6 14. Qf3
Qxf3 15. gxf3 f5 16. Rg1 fxe4 17. fxe4 Ne5 18. Rg2 a6 19. a3 Nf3 20. Rd1 Rae8
21. b3 Rf4 22. a4 Bg4 23. Rd5 Bh3 24. Rg3 Bxf1 25. Rd1 Nxh2 26. f3 Rxf3 27.
Rxf3 Nxf3 28. Rxf1 Ne5 29. Nd5 c6 30. Ne3 Rf8 31. Rd1 Rf6 32. c4 h5 33. Rh1 Rh6
34. Nf5 Rh7 35. Ne7+ Kf7 36. Nf5 Ke6 37. Kc2 g6 38. Ne3 h4 39. Ng2 g5 40. Kd2
d5 41. exd5+ cxd5 42. cxd5+ Kxd5 43. Kc3 a5 44. Ne3+ Ke4 45. Nc4 Nxc4 46. Kxc4
Rh6 47. Re1+ Kf3 48. Rf1+ Kg2 49. Rd1 h3 50. Rd2+ Kf3 51. Rd3+ Ke2 52. Rc3 h2
53. Rc1 h1=Q 54. Rxh1 Rxh1 55. b4 axb4 56. Kxb4 g4 57. a5 g3 58. Kb5 Ra1 59.
Kb6 Rxa5 60. Kxa5 0-1

[Event "DVM U12 2014"]
[Site "Verden/Aller GER"]
[Date "2014.12.30"]
[Round "7"]
[White "Gkegkas, Michail"]
[Black "Pölt, Christoph"]
[Result "0-1"]
[Termination "normal"]
[Board "8.1"]
[WhiteElo "989"]
[BlackElo "1678"]
[WhiteTeam "SC Heitersheim"]
[BlackTeam "TV Tegernsee"]
[PlyCount "58"]
[WhiteFideId "16251067"]
[BlackFideId "12960853"]
[EventCountry "GER"]
[EventRounds "7"]
[EventType "team-swiss"]
[EventDate "2014.12.26"]

1. e4 e5 2. Nf3 Nc6 3. Bc4 Bc5 4. d3 Nf6 5. Nc3 d6 6. h3 Be6 7. Bb3 h6 8. O-O
Qd7 9. Bxe6 fxe6 10. Be3 Bd4 11. Bxd4 exd4 12. Nb5 e5 13. c3 a6 14. Na3 dxc3
15. bxc3 O-O 16. Qb3+ Kh7 17. Qxb7 Rfb8 18. Qxb8 Rxb8 19. Nc4 d5 20. Ncxe5 Nxe5
21. Nxe5 Qe6 22. Nf3 dxe4 23. dxe4 Qxe4 24. Rfe1 Qc4 25. Rec1 Rb2 26. Ne5 Qe2
27. Rf1 Qxe5 28. Rac1 Rxa2 29. f4 Qe2 0-1

[Event "DVM U12 2014"]
[Site "Verden/Aller GER"]
[Date "2014.12.30"]
[Round "7"]
[White "Feicht, Florian"]
[Black "Gkegkas, Viktor"]
[Result "1-0"]
[Termination "normal"]
[Board "8.2"]
[WhiteElo "1573"]
[BlackElo "1133"]
[WhiteTeam "TV Tegernsee"]
[BlackTeam "SC Heitersheim"]
[PlyCount "73"]
[WhiteFideId "12960888"]
[BlackFideId "16247396"]
[EventCountry "GER"]
[EventRounds "7"]
[EventType "team-swiss"]
[EventDate "2014.12.26"]

1. e4 e5 2. Nf3 Nc6 3. Bb5 d6 4. h3 Nf6 5. Nc3 Bd7 6. d3 a6 7. Bc4 Be7 8. Be3
O-O 9. O-O h6 10. Qd2 b5 11. Bb3 Na5 12. Rfe1 Nxb3 13. axb3 c6 14. Ne2 c5 15.
Ng3 Rc8 16. Rxa6 c4 17. bxc4 bxc4 18. d4 exd4 19. Bxd4 Bb5 20. Ra5 Bd7 21. Rea1
Bc6 22. Bxf6 Bxf6 23. c3 Ra8 24. Rxa8 Bxa8 25. Qe2 d5 26. Rd1 Qa5 27. e5 Bg5
28. Nxg5 hxg5 29. Qe3 Qd8 30. Ne4 f6 31. Nc5 Qb6 32. e6 Rc8 33. e7 Bc6 34. Qe6+
Kh7 35. Qxc8 Qxc5 36. e8=Q Qd6 37. Qh5# 1-0

[Event "DVM U12 2014"]
[Site "Verden/Aller GER"]
[Date "2014.12.30"]
[Round "7"]
[White "Rommel, Tobias"]
[Black "Feicht, Franz"]
[Result "0-1"]
[Termination "normal"]
[Board "8.3"]
[WhiteElo "989"]
[BlackElo "1576"]
[WhiteTeam "SC Heitersheim"]
[BlackTeam "TV Tegernsee"]
[PlyCount "70"]
[BlackFideId "12960896"]
[EventCountry "GER"]
[EventRounds "7"]
[EventType "team-swiss"]
[EventDate "2014.12.26"]

1. e4 e5 2. Nf3 Nc6 3. Bc4 Bc5 4. Nc3 Nf6 5. d3 h6 6. O-O d6 7. h3 Be6 8. a3
Bxc4 9. dxc4 Ne7 10. b4 Bb6 11. Na4 Qd7 12. c3 Rd8 13. Qc2 Qc6 14. c5 dxc5 15.
bxc5 Bxc5 16. Nxc5 Qxc5 17. Qa4+ Nc6 18. Be3 Qa5 19. Qb3 Qa6 20. Rad1 O-O 21.
Nh4 Nxe4 22. Nf5 b6 23. Rxd8 Nxd8 24. Ne7+ Kh8 25. Qb4 Nd6 26. Re1 Qc4 27. Qb2
Re8 28. Ng8 Kxg8 29. Qd2 Nc6 30. Bxh6 gxh6 31. Qxh6 Qe6 32. Qg5+ Qg6 33. Qxg6+
fxg6 34. Re3 Nf5 35. Re4 Rd8 0-1

[Event "DVM U12 2014"]
[Site "Verden/Aller GER"]
[Date "2014.12.30"]
[Round "7"]
[White "Kleine, Jakob"]
[Black "Schoch, Justus"]
[Result "1-0"]
[Termination "normal"]
[Board "8.4"]
[WhiteElo "1528"]
[BlackElo "778"]
[WhiteTeam "TV Tegernsee"]
[BlackTeam "SC Heitersheim"]
[PlyCount "47"]
[WhiteFideId "12979821"]
[EventCountry "GER"]
[EventRounds "7"]
[EventType "team-swiss"]
[EventDate "2014.12.26"]

1. e4 e5 2. Nf3 Nc6 3. d4 Bd6 4. d5 Nce7 5. Nc3 Nf6 6. Bg5 Ng6 7. Bd3 O-O 8.
Qd2 h6 9. Be3 c6 10. O-O-O Re8 11. Rdg1 cxd5 12. Nxd5 Nxd5 13. exd5 e4 14. Bc4
exf3 15. gxf3 Ne5 16. Be2 b6 17. Bxh6 g6 18. f4 Nc4 19. Bxc4 Qc7 20. Qd4 Bxf4+
21. Bxf4 Qxf4+ 22. Qxf4 Kf8 23. d6 Bb7 24. Qxf7# 1-0

[Event "DVM U12 2014"]
[Site "Verden/Aller GER"]
[Date "2014.12.30"]
[Round "7"]
[White "Kitzig, Tobias"]
[Black "Gheng, Dominik"]
[Result "0-1"]
[Termination "normal"]
[Board "9.1"]
[WhiteElo "1442"]
[BlackElo "1713"]
[WhiteTeam "VfL 1990 Gera"]
[BlackTeam "Schach-Kids Bernhausen"]
[PlyCount "44"]
[BlackFideId "12906778"]
[EventCountry "GER"]
[EventRounds "7"]
[EventType "team-swiss"]
[EventDate "2014.12.26"]

1. g3 c5 2. Bg2 e5 3. d3 Nc6 4. Nd2 Nge7 5. e4 g6 6. Ne2 Bg7 7. O-O O-O 8. f4
f5 9. Kh1 d6 10. Nc4 b5 11. Nd2 Be6 12. exf5 Bxf5 13. Nf3 Rc8 14. Bd2 a6 15.
Rb1 Be6 16. b3 Nd5 17. Qe1 Ndb4 18. c3 Nxd3 19. Qd1 c4 20. fxe5 dxe5 21. Ne1
Rxf1+ 22. Bxf1 Nf2+ 0-1

[Event "DVM U12 2014"]
[Site "Verden/Aller GER"]
[Date "2014.12.30"]
[Round "7"]
[White "Grube, Olaf"]
[Black "Herrmann, Nick"]
[Result "1-0"]
[Termination "normal"]
[Board "9.2"]
[WhiteElo "1164"]
[BlackElo "1235"]
[WhiteTeam "Schach-Kids Bernhausen"]
[BlackTeam "VfL 1990 Gera"]
[PlyCount "61"]
[WhiteFideId "12956988"]
[BlackFideId "12971499"]
[EventCountry "GER"]
[EventRounds "7"]
[EventType "team-swiss"]
[EventDate "2014.12.26"]

1. e4 e6 2. c4 b6 3. g3 Bb7 4. Bg2 Nf6 5. d3 Be7 6. Nc3 d6 7. Nge2 c5 8. O-O
O-O 9. Re1 Na6 10. e5 Bxg2 11. exf6 Bh3 12. fxe7 Qxe7 13. Nf4 Bf5 14. Qh5 Qf6
15. g4 Bg6 16. Nxg6 fxg6 17. Ne4 gxh5 18. Nxf6+ Rxf6 19. gxh5 Nb4 20. Rd1 Raf8
21. a3 Nc2 22. Ra2 Nd4 23. Be3 Nc6 24. d4 Rf5 25. dxc5 dxc5 26. b4 cxb4 27.
axb4 Ra8 28. Bxb6 Rg5+ 29. Kf1 Ne7 30. Rxa7 Rb8 31. Rd8+ {nicht korrekt} 1-0

[Event "DVM U12 2014"]
[Site "Verden/Aller GER"]
[Date "2014.12.30"]
[Round "7"]
[White "Schulze, Nick"]
[Black "Späth, Christoph"]
[Result "1/2-1/2"]
[Termination "normal"]
[Board "9.3"]
[WhiteElo "1288"]
[BlackElo "1166"]
[WhiteTeam "VfL 1990 Gera"]
[BlackTeam "Schach-Kids Bernhausen"]
[PlyCount "83"]
[WhiteFideId "12971847"]
[EventCountry "GER"]
[EventRounds "7"]
[EventType "team-swiss"]
[EventDate "2014.12.26"]

1. d4 d5 2. Nf3 Nc6 3. e3 Bg4 4. Nbd2 e5 5. dxe5 Nxe5 6. h3 Nxf3+ 7. Nxf3 Bh5
8. Be2 Bd6 9. O-O Nf6 10. b3 O-O 11. Bb2 c6 12. c4 Re8 13. Rc1 Bxf3 14. Bxf3
Be5 15. Ba3 Ne4 16. Qd3 Bd6 17. Bb2 Qe7 18. Rcd1 dxc4 19. Qxe4 Qxe4 20. Bxe4
Be5 21. Bxe5 Rxe5 22. Bc2 cxb3 23. Bxb3 b5 24. Rd7 Rf5 25. Rfd1 g6 26. R1d3 c5
27. Bc2 Re5 28. f4 Re6 29. a4 a6 30. axb5 axb5 31. Rb7 c4 32. Rd5 Rxe3 33.
Rdxb5 Ra2 34. Rb2 Rxb2 35. Rxb2 Kg7 36. Rb4 Rc3 37. Ba4 Kf6 38. Bb5 Rc1+ 39.
Kf2 c3 40. g4 c2 41. g5+ Kg7 42. Rc4 1/2-1/2

[Event "DVM U12 2014"]
[Site "Verden/Aller GER"]
[Date "2014.12.30"]
[Round "7"]
[White "Ungerer, Tobias"]
[Black "Aniol, Adrian"]
[Result "1-0"]
[Termination "normal"]
[Board "9.4"]
[WhiteElo "1148"]
[BlackElo "1339"]
[WhiteTeam "Schach-Kids Bernhausen"]
[BlackTeam "VfL 1990 Gera"]
[PlyCount "57"]
[WhiteFideId "12970999"]
[BlackFideId "16229967"]
[EventCountry "GER"]
[EventRounds "7"]
[EventType "team-swiss"]
[EventDate "2014.12.26"]

1. e4 d5 2. exd5 Qxd5 3. Nc3 Qa5 4. d4 Nf6 5. Bd2 Bg4 6. Nf3 e6 7. a3 Bd6 8.
Ne4 Qf5 9. Ng3 Bxg3 10. hxg3 Qe4+ 11. Be2 Bxf3 12. gxf3 Qxd4 13. c3 Qd7 14. Qb3
Qc6 15. Bb5 O-O 16. Bxc6 Nxc6 17. Qxb7 Na5 18. Qb5 Rab8 19. Qxa5 Nd5 20. Qa4
Rfd8 21. O-O-O Rb7 22. Qe4 g6 23. Bh6 Re8 24. Rxd5 c6 25. Ra5 Rc7 26. Qe5 f6
27. Qxc7 Re7 28. Qd8+ Kf7 29. Qf8# 1-0

[Event "DVM U12 2014"]
[Site "Verden/Aller GER"]
[Date "2014.12.30"]
[Round "7"]
[White "Diel, Tom"]
[Black "Chernykh, Arkady"]
[Result "0-1"]
[Termination "normal"]
[Board "10.1"]
[WhiteElo "1230"]
[BlackElo "1426"]
[WhiteTeam "SV Lendersdorf 57"]
[BlackTeam "Karlsruher SF 1853"]
[PlyCount "86"]
[WhiteFideId "16258428"]
[BlackFideId "12989436"]
[EventCountry "GER"]
[EventRounds "7"]
[EventType "team-swiss"]
[EventDate "2014.12.26"]

1. e4 c6 2. d4 d5 3. Nc3 dxe4 4. Nxe4 Bf5 5. Ng3 Bg6 6. Nf3 Nd7 7. Be3 e6 8.
Bd3 Bxd3 9. Qxd3 Ngf6 10. O-O Bd6 11. c4 c5 12. Rad1 Rc8 13. Ne4 Nxe4 14. Qxe4
Qb6 15. b3 Nf6 16. Qd3 O-O 17. Rfe1 Rfd8 18. Bg5 cxd4 19. Bxf6 gxf6 20. Re4 f5
21. Rxd4 Be7 22. Rd7 Rxd7 23. Qxd7 Rd8 24. Ne5 Rxd7 25. Rxd7 Qa5 26. Nd3 Qxa2
27. g3 Qxb3 28. Ne5 Qb1+ 29. Kg2 Qe4+ 30. Nf3 Bc5 31. h4 Qxc4 32. h5 h6 33.
Rxb7 Qc2 34. Rb8+ Kg7 35. Rc8 Qxf2+ 36. Kh3 Qxf3 37. Rxc5 Qxh5+ 38. Kg2 Qe2+
39. Kh3 Qa2 40. Kh4 a5 41. Kh3 a4 42. g4 Qa3+ 43. Kh4 Qxc5 0-1

[Event "DVM U12 2014"]
[Site "Verden/Aller GER"]
[Date "2014.12.30"]
[Round "7"]
[White "Fidlin, Simon"]
[Black "Sorokin, Michael"]
[Result "1-0"]
[Termination "normal"]
[Board "10.2"]
[WhiteElo "1334"]
[BlackElo "1129"]
[WhiteTeam "Karlsruher SF 1853"]
[BlackTeam "SV Lendersdorf 57"]
[PlyCount "74"]
[WhiteFideId "16217535"]
[BlackFideId "16229045"]
[EventCountry "GER"]
[EventRounds "7"]
[EventType "team-swiss"]
[EventDate "2014.12.26"]

1. e4 c5 2. Nf3 d6 3. d4 cxd4 4. Nxd4 Nf6 5. Nc3 g6 6. Be3 Bg7 7. Bc4 Nc6 8. f3
O-O 9. Bb3 e6 10. Qd2 a6 11. O-O-O d5 12. exd5 exd5 13. Kb1 Be6 14. g4 Qd7 15.
h4 Rfd8 16. h5 b5 17. hxg6 fxg6 18. Nxe6 Qxe6 19. Nxd5 Kh8 20. g5 Nh5 21. Qf2
Rab8 22. f4 Qf5 23. Rhf1 a5 24. Nb6 Rxd1+ 25. Rxd1 a4 26. Bd5 Rd8 27. Rd2 Ne7
28. Bg2 Rxd2 29. Qxd2 Qf8 30. a3 Ng3 31. Bd4 Bxd4 32. Qxd4+ Kg8 33. Nd5 Nef5
34. Qe5 Qf7 35. Nf6+ Kf8 36. Bd5 Qa7 37. Qe8+ Kg7 1-0